000 00960nam0a22002411i 4500
001 rc\935269
005 20240726024948.0
035 _a(NLR Aleph) 006108133
090 _a5329884
_c5329884
100 _a20041129d1982 u |0rusy50 ca
101 0 _arus
102 _aRU
105 _ay |||||||||
200 1 _aПсихолингвистические основы взаимодействия говорения и письма
_e(На материале иностр. яз.)
_eАвтореф. дис. на соиск. учен. степ. канд. филол. наук
_e(10.02.19; 13.00.02)
210 _aКиев
_d1982
215 _a23 с.
300 _aВ надзаг.: Киев. гос. ун-т им. Т.Г. Шевченко
320 _aБиблиогр.: с. 23 (8 назв.)
700 1 _aБиркун
_bЛ.В.
_gЛюдмила Викторовна
801 0 _aRU
_bNLR
_gpsbo
801 1 _aRU
_bELAR
_2rusmarc
852 _aNLR
_j84-4/16755
942 _cBOOK